000119513 001__ 119513 000119513 005__ 20221025101351.0 000119513 037__ $$aTAZ-TFG-2022-846 000119513 041__ $$aspa 000119513 1001_ $$aGuerrero Gómez, Maialen 000119513 24200 $$aPerioperative management of patients in therapy with antiplatelet agents 000119513 24500 $$aManejo perioperatorio de los pacientes en tratamiento con fármacos antiagregantes 000119513 260__ $$aZaragoza$$bUniversidad de Zaragoza$$c2022 000119513 500__ $$aResumen disponible también en inglés. 000119513 506__ $$aby-nc-sa$$bCreative Commons$$c3.0$$uhttp://creativecommons.org/licenses/by-nc-sa/3.0/ 000119513 520__ $$aEl aumento de la esperanza de vida y el cambio de hábitos en nuestra sociedad, favorece que haya más pacientes con enfermedad vascular periférica y enfermedad ateroesclerótica en tratamiento con fármacos antiagregantes. El incremento de la prescripción de estos medicamentos hace aconsejable que los médicos aprendan a usarlos en situaciones clínicas especiales, como la cirugía y los procedimientos diagnósticos invasivos. En este trabajo de fin de grado (TFG) se propone un algoritmo general de manejo de los fármacos antiagregantes en pacientes quirúrgicos del Hospital Universitario Miguel Servet de Zaragoza. Su diseño se basa en una revisión de la literatura médica publicada sobre el tema. En primer lugar, se ha recogido la información más relevante de cada grupo de fármacos antiplaquetarios y, a continuación, se presenta el algoritmo propuesto de manejo de estos pacientes en tratamiento antiagregante en el periodo periquirúrgico. El primer paso del algoritmo consiste en una evaluación del riesgo trombótico derivado de la patología del paciente y del riesgo hemorrágico asociado al tipo de cirugía. Una vez valorado se pasa a realizar ajustes en la prescripción. En líneas generales, el tratamiento con ácido acetilsalicílico (AAS) se puede mantener en la mayoría de pacientes quirúrgicos a dosis de 100 mg/día. Sin embargo, para los antagonistas de P2Y12 se prefiere suspenderlos unos días antes de la cirugía. Si el riesgo trombótico del paciente es demasiado alto para retirar el fármaco antiagregante se recomienda diferir la cirugía y, si esto no es posible, se actúa en función del riesgo hemorrágico. Si el riesgo de sangrado es bajo se recomienda mantener la antiagregación con AAS a dosis bajas y si es moderado o alto se propone suspender el fármaco antagonista de P2Y12 pudiendo utilizar en el periodo prequirúrgico terapia puente con fármacos inhibidores de la glucoproteína IIb/IIIa. La reintroducción de la antiagregación se realiza normalmente 24 horas tras la cirugía, aunque puede demorarse si el riesgo de hemorragia es elevado. El TFG incluye también un algoritmo de manejo de los pacientes antiagregados que se someten a procedimientos endoscópicos digestivos y recomendaciones de su manejo en neurocirugía y cirugía cardiaca.<br /><br /> 000119513 521__ $$aGraduado en Medicina 000119513 540__ $$aDerechos regulados por licencia Creative Commons 000119513 700__ $$aCalvo Villas, Jose Manuel $$edir. 000119513 700__ $$aFernández Mosteirín, Nuria$$edir. 000119513 7102_ $$aUniversidad de Zaragoza$$bMedicina, Psiquiatría y Dermatología$$cMedicina 000119513 8560_ $$f746322@unizar.es 000119513 8564_ $$s1763487$$uhttps://zaguan.unizar.es/record/119513/files/TAZ-TFG-2022-846.pdf$$yMemoria (spa) 000119513 909CO $$ooai:zaguan.unizar.es:119513$$pdriver$$ptrabajos-fin-grado 000119513 950__ $$a 000119513 951__ $$adeposita:2022-10-25 000119513 980__ $$aTAZ$$bTFG$$cMED 000119513 999__ $$a20220527180412.CREATION_DATE